000 00284nam a2200109Ia 4500
008 220216s9999 xx 000 0 und d
245 0 _aNow: False allegations against natural rubber cultivation
260 _bPlanter
_c2016
300 _a59-61
650 _aNR cultivation
942 _cJS
999 _c64121
_d64121